| 000 | 00853cai a2200181 4500 | ||
|---|---|---|---|
| 001 | WS104594 | ||
| 008 | 120208n2009 000 0 eng u | ||
| 035 | _a(Sirsi) u104594 | ||
| 110 |
_aBritish Board of Agrement _91555 |
||
| 245 |
_aBritish Board of Agrement _bBBA _h[electronic resource] |
||
| 520 | _aThe British Board of Agrement (BBA) is the UK's major authority offering approval and certification services to manufacturers and installers supplying the construction industry. Search the website for agrement certificates by category, certificate number and holders name. | ||
| 650 | _aAGREMENT CERTIFICATES | ||
| 650 | _aEUROPEAN TECHNICAL APPROVALS | ||
| 650 | _aCE MARKS | ||
| 690 | _aBUILT ENVIRONMENT-BUILDING MATERIALS | ||
| 856 | 4 | 0 |
_uhttps://www.bbacerts.co.uk/ _zView the website free of charge at www.bbacerts.co.uk/... |
| 942 | _n0 | ||
| 999 |
_c119424 _d119424 |
||